01227nam a2200289 a 4500001001000000003000900010005001700019008004100036040002500077049000900102082002400111110007100135245005600206260007000262300002100332590002500353650004900378650003500427650006200462650005700524710005400581710011200635910003700747942001400784952012200798999001700920000014405DO-SdBNP20250113131851.0091211s1975 dr 001 0 spa d aDO-SdBNPbspacBNPHU aBNPD a343.04bR426L, 19751 aRepública Dominicana.bSecretaría de Estado de Finanzas93226410aLegislación económico tributaria :baño 1974. aSanto Domingo :bSecretariado Técnico de la Presidencia,c1975. a192 p. ;c28 cm. aInventariado,2018/VM 4aDerecho fiscalzRepública Dominicana98288 0aProcedimiento tributario98289 4aImpuestosxAdministraciónzRepública Dominicana98290 4aDerecho administrativozRepública Dominicana912032 aOrganización de los Estados Americanos 9179181 aRepública Dominicana.bSecretariado Técnico de la Presidencia.bOficina Nacional de Presupuesto.932266 aValidado. Control de calidad EMS 2ddccLBS1 0010718PDaPDbPDcHDd2009-12-11iLF1l0o343.04 R426L, 1975p14405-10r2020-06-25w2020-06-25yLFPDZNo se presta c13996d13996